| 000 | 00814nam a2200253 i 4500 | ||
|---|---|---|---|
| 001 | 190423 | ||
| 003 | ES-MaACL | ||
| 005 | 20250307141813.0 | ||
| 008 | 210325s2016 sp 001 p spa | ||
| 020 | _a978-84-945326-5-8 | ||
| 080 | _a821.134.2-14"19" | ||
| 100 | 1 |
_aSarasua, Blanca. _9139336 |
|
| 245 | 1 | 0 |
_aAdagio para un silencio / _cBlanca Sarasua. |
| 250 | _a1ª ed. | ||
| 260 |
_aMadrid : _bVitruvio, _c2016. |
||
| 300 |
_a86 p. ; _c24 cm. |
||
| 490 | 1 |
_aColección Baños del Carmen ; _v572 |
|
| 830 | 1 |
_aColección Baños del Carmen _v572 _9183030 |
|
| 852 | 4 |
_aES-MaACL _jOlim: N-7623 _9197600 _bR.152007 _cDEPO1 _hDonación: José Lázaro |
|
| 903 |
_9234219 _aLázaro García, José _ednr |
||
| 942 |
_2udc _cMONOGRAFIA |
||
| 999 |
_c190423 _d190423 |
||